000 01087nam a2200277 a 4500
001 23212
003 BD=-RjUL
005 20211209000914.0
008 140310s1952 enk b 001 0 eng d
035 _a(BD-RjUL)23277
040 _aBD-RjUL
_beng
_cBD-RjUL
_dBD-RjUL
041 _aeng
082 _a851.1
_218
082 _a320.01
_218
_bPAD 1952
100 1 _aPasserin d'Entrèves, Alessandro,
_d1902-1985.
_971549
245 1 0 _aDante : as a political thinker /
_cby A.P. D'Entrèves
260 _aOxford :
_bClarendon Press,
_c1952.
300 _avi, 119 p. ;
_c19 cm
500 _a"The present volume comprises the three Barlow lectures on Dante...delivered in London...in February and March 1951"--Preface p. [v] [and another lecture].
504 _aIncludes bibliographical footnotes expanded in Notes (p. 98-113) and index.
600 0 0 _aDante Alighieri,
_d1265-1321
_xPolitical and social views.
_980542
650 _aDante Alighieri, 1265-1321 Political and social views
_971551
830 _v1951
_980543
830 _aBarlow lectures on Dante ;
_980544
942 _2ddc
_cBK
999 _c23212
_d23212